Manifiesto de las ONGs a la nación (tercera entrega)

La situación del empleo continua siendo un problema en El salvador, las tasas del desempleo abierto en torno al 8 por ciento de la población activa y de un 50 por ciento de la población laboral en el sector informal, en especial en la rama femenina dejan claro la debilidad de la estructura productiv...

Descripción completa

Guardado en:
Detalles Bibliográficos
Formato: Texto
Materias:
Etiquetas: Agregar Etiqueta
Sin Etiquetas, Sea el primero en etiquetar este registro!

MARC

LEADER 00000 a a2200000 04500
001 6177
003
040
245 |a Manifiesto de las ONGs a la nación (tercera entrega)  
520 |a La situación del empleo continua siendo un problema en El salvador, las tasas del desempleo abierto en torno al 8 por ciento de la población activa y de un 50 por ciento de la población laboral en el sector informal, en especial en la rama femenina dejan claro la debilidad de la estructura productiva así como sus deformaciones. Bajos salarios y la inestabilidad de estos poco sirven para generar nuevos estímulos a la inversión por la vía de la demanda. Para ello es necesario una política de estímulo a la inversión que parta tanto de la acción pública como de la actividad del sector privado. El papel del Estado debe de orientar su inversión, generar empleo por medio de creación de infraestructura, económica y social, a su vez esto debe de servir para impulsar las inversiones en el sector privado, por otra parte el Estado debe de establecer una serie de mecanismos para favorecer la inversión productiva en el agro, la industria y otras actividades económicas. Se considera que mejorar los salarios y los ingresos a fin de elevar la calidad de vida de la población es importante no se puede seguir manteniendo salarios que no cubren las necesidades básicas de alimentación de una familia. LOB/LOB  
650 |a ORGANIZACIONES NO GUBERNAMENTALES  
650 |a EMPLEO  
650 |a DESEMPLEO  
650 |a PROBLEMAS SOCIALES  
650 |a SECTOR INFORMAL  
650 |a SALARIOS  
650 |a ESTADO  
650 |a SECTOR PRIVADO  
650 |a POBREZA  
650 |a CAMBIO TECNOLOGICO  
650 |a MEDIO AMBIENTE  
773 |g volumen 18, número 771; páginas 13-16  
999 |c 31047  |d 31047